[Event "Liga Madrileña - DH 2011-2012"]
[Site "Madrid ESP"]
[Date "2011.11.13"]
[Round "1.43"]
[White "Rubio Mejia, Luis Ignacio"]
[Black "Alcazar Jimenez, Jesus Alberto"]
[Result "1-0"]
[WhiteElo "2439"]
[BlackElo "2294"]
[PlyCount "47"]
[EventDate "2011.11.13"]
[EventType "team"]
[EventRounds "14"]
[EventCountry "ESP"]
[Source "lmi"]
[SourceDate "2011.11.13"]
[WhiteTeam "Virgen de Atocha"]
[BlackTeam "Blanco y Negro"]
[WhiteTeamCountry "ESP"]
[BlackTeamCountry "ESP"]

1. d4 d6 2. Nf3 Nf6 3. c4 Nbd7 4. Nc3 e5 5. e4 exd4 6. Nxd4 Nc5 7. f3 g6 8. Be2
Bg7 9. O-O O-O 10. Be3 Ne6 11. Qd2 Nh5 12. g3 Nxd4 13. Bxd4 Bxd4+ 14. Qxd4 Ng7
15. Rad1 Be6 16. c5 Qg5 17. cxd6 Rfd8 18. f4 Qa5 19. b4 Qa3 20. Nb5 Qa6 21. Rd2
Qc6 22. Nxc7 Rac8 23. Bb5 Rxd6 24. Qxd6 1-0

[Event "Liga Madrileña - DH 2011-2012"]
[Site "Madrid ESP"]
[Date "2011.11.13"]
[Round "1.44"]
[White "Rivas Vila, David"]
[Black "Martinez Martin, David"]
[Result "1/2-1/2"]
[WhiteElo "2237"]
[BlackElo "2395"]
[PlyCount "65"]
[EventDate "2011.11.13"]
[EventType "team"]
[EventRounds "14"]
[EventCountry "ESP"]
[Source "lmi"]
[SourceDate "2011.11.13"]
[WhiteTeam "Blanco y Negro"]
[BlackTeam "Virgen de Atocha"]
[WhiteTeamCountry "ESP"]
[BlackTeamCountry "ESP"]

1. e4 c5 2. Nc3 Nc6 3. Nge2 g6 4. d4 cxd4 5. Nxd4 Bg7 6. Be3 Nf6 7. Nb3 O-O 8.
f4 d6 9. Be2 Be6 10. O-O Rc8 11. Kh1 a6 12. f5 Bd7 13. a4 Ne5 14. Bd4 Rxc3 15.
Bxc3 Nxe4 16. fxg6 hxg6 17. Bd4 e6 18. Bf3 Bc6 19. Qe1 Nxf3 20. Rxf3 e5 21. Bg1
b6 22. Qb4 Nf6 23. Rd3 Qa8 24. Qd2 Qb7 25. Re1 Bxa4 26. Rxd6 Ne4 27. Rxb6 Nxd2
28. Rxb7 Nxb3 29. cxb3 Bb5 30. Rc1 e4 31. Rcc7 Bxb2 32. h4 Be5 33. Re7 1/2-1/2

[Event "Liga Madrileña - DH 2011-2012"]
[Site "Madrid ESP"]
[Date "2011.11.13"]
[Round "1.45"]
[White "Rabadan Velasco, Raul"]
[Black "Mena Borras, Mario"]
[Result "1-0"]
[WhiteElo "2353"]
[BlackElo "2105"]
[PlyCount "53"]
[EventDate "2011.11.13"]
[EventType "team"]
[EventRounds "14"]
[EventCountry "ESP"]
[Source "lmi"]
[SourceDate "2011.11.13"]
[WhiteTeam "Virgen de Atocha"]
[BlackTeam "Blanco y Negro"]
[WhiteTeamCountry "ESP"]
[BlackTeamCountry "ESP"]

1. Nf3 e6 2. c4 f5 3. b3 Nf6 4. Bb2 b6 5. Qc2 Bb7 6. d3 Bb4+ 7. Nc3 O-O 8. a3
Bxc3+ 9. Qxc3 d6 10. O-O-O Nbd7 11. h3 e5 12. Rg1 Qe7 13. e3 Nc5 14. d4 Nce4
15. Qc2 Nd7 16. Ne1 f4 17. exf4 exd4 18. Rxd4 Rxf4 19. Nf3 Ndc5 20. b4 Ne6 21.
Rd1 N4g5 22. Bd3 Be4 23. Bxe4 Nxe4 24. Rge1 N4g5 25. Kb1 Nxf3 26. gxf3 Rxf3 27.
Qe4 1-0

[Event "Liga Madrileña - DH 2011-2012"]
[Site "Madrid ESP"]
[Date "2011.11.13"]
[Round "1.46"]
[White "Garcia Dorado, Alberto"]
[Black "Perez de Aranda Alonso, Leonardo"]
[Result "1/2-1/2"]
[WhiteElo "2048"]
[BlackElo "2117"]
[PlyCount "84"]
[EventDate "2011.11.13"]
[EventType "team"]
[EventRounds "14"]
[EventCountry "ESP"]
[Source "lmi"]
[SourceDate "2011.11.13"]
[WhiteTeam "Blanco y Negro"]
[BlackTeam "Virgen de Atocha"]
[WhiteTeamCountry "ESP"]
[BlackTeamCountry "ESP"]

1. d4 d5 2. c4 dxc4 3. Nf3 Nf6 4. g3 c5 5. Bg2 cxd4 6. Qa4+ Nc6 7. Nxd4 Qxd4 8.
Bxc6+ Bd7 9. Bxd7+ Qxd7 10. Qxc4 Rc8 11. Qf4 Nd5 12. Qd2 Qh3 13. Qxd5 Rxc1+ 14.
Kd2 Rc6 15. Ke1 e6 16. Qb5 Qg2 17. Rf1 Bb4+ 18. Nd2 Bxd2+ 19. Kxd2 O-O 20. Qd3
Rcc8 21. Qf3 Rfd8+ 22. Ke3 Qh3 23. Rfd1 Qh6+ 24. Qf4 Qh5 25. Rac1 e5 26. Rxd8+
Rxd8 27. Qh4 Qxh4 28. gxh4 h5 29. Rc7 Rb8 30. Ke4 f6 31. Kf5 Kh7 32. b4 a6 33.
f4 exf4 34. Kxf4 b5 35. Rc6 Ra8 36. a3 Kg6 37. e4 a5 38. Rb6 axb4 39. axb4 Ra2
40. h3 Rh2 41. Kg3 Re2 42. Kf3 Rh2 1/2-1/2

[Event "Liga Madrileña - DH 2011-2012"]
[Site "Madrid ESP"]
[Date "2011.11.20"]
[Round "2.11"]
[White "Moreno Trujillo, Alejandro"]
[Black "Valles Moreno, Ivan"]
[Result "1-0"]
[WhiteElo "2474"]
[BlackElo "2391"]
[PlyCount "103"]
[EventDate "2011.11.13"]
[EventType "team"]
[EventRounds "14"]
[EventCountry "ESP"]
[Source "lmi"]
[SourceDate "2011.11.13"]
[WhiteTeam "64 Villalba"]
[BlackTeam "Amigos del Retiro"]
[WhiteTeamCountry "ESP"]
[BlackTeamCountry "ESP"]

1. d4 Nf6 2. Nf3 c5 3. c3 cxd4 4. cxd4 d5 5. Nc3 Nc6 6. Bf4 Nh5 7. Be5 f6 8.
Bg3 Nxg3 9. hxg3 e5 10. e3 e4 11. Nd2 Be6 12. f4 exf3 13. Qxf3 f5 14. Bd3 g6
15. Qf2 Bd6 16. O-O-O O-O 17. Kb1 Rc8 18. Ka1 Rf7 19. Bb1 a6 20. Nb3 a5 21. Qe1
Qg5 22. Nc5 Bxc5 23. dxc5 Rd8 24. Nb5 Re7 25. Qf2 Bf7 26. Rhe1 Kg7 27. a3 Bg8
28. Qf4 Qf6 29. g4 fxg4 30. Qxg4 Qe5 31. Nd4 Rde8 32. Nf5+ Kh8 33. Nxe7 Rxe7
34. Qf4 Qg7 35. Rf1 Ne5 36. Ba2 Rf7 37. Qd4 Rd7 38. Rf4 Be6 39. Rf8+ Bg8 40.
Re8 Nc6 41. Qc3 Qxc3 42. bxc3 Kg7 43. e4 Bf7 44. Ra8 d4 45. Bxf7 Kxf7 46. cxd4
Nxd4 47. Kb2 Ke6 48. Rxa5 h5 49. Rd2 Rd8 50. Kc3 Nc6 51. Rxd8 Nxa5 52. Rd6+ 1-0

[Event "Liga Madrileña - DH 2011-2012"]
[Site "Madrid ESP"]
[Date "2011.11.20"]
[Round "2.12"]
[White "Vallejo Diaz, Javier"]
[Black "Moreno Tejera, Emilio"]
[Result "0-1"]
[WhiteElo "2367"]
[BlackElo "2319"]
[PlyCount "84"]
[EventDate "2011.11.13"]
[EventType "team"]
[EventRounds "14"]
[EventCountry "ESP"]
[Source "lmi"]
[SourceDate "2011.11.13"]
[WhiteTeam "Amigos del Retiro"]
[BlackTeam "64 Villalba"]
[WhiteTeamCountry "ESP"]
[BlackTeamCountry "ESP"]

1. e4 e6 2. d4 d5 3. Nd2 Be7 4. Bd3 c5 5. dxc5 Nf6 6. Qe2 Nc6 7. Ngf3 Nb4 8.
O-O Nxd3 9. Qxd3 O-O 10. exd5 exd5 11. Nb3 a5 12. Bg5 a4 13. Nbd4 Bxc5 14. Qb5
Be7 15. Rfe1 Ra6 16. Qd3 Bc5 17. Qc3 Qb6 18. Bxf6 Bb4 19. Qd3 Qxf6 20. c3 Ba5
21. h3 Bd7 22. Re5 Be6 23. Qb5 Bd8 24. Rae1 Kh8 25. Qe2 a3 26. bxa3 h6 27. Nxe6
fxe6 28. Rxe6 Qxc3 29. Rxa6 bxa6 30. Rd1 Bf6 31. Rxd5 Qxa3 32. Rd3 Qa4 33. Rd6
a5 34. Qd2 Qb4 35. Qd3 Qb2 36. a4 Rc8 37. Qe3 Qb1+ 38. Kh2 Qb8 39. Qf4 Be7 40.
Ne5 Bxd6 41. Nf7+ Kg8 42. Nxd6 Rd8 0-1

[Event "Liga Madrileña - DH 2011-2012"]
[Site "Madrid ESP"]
[Date "2011.11.20"]
[Round "2.13"]
[White "Renteria Becerra, Jorge Elicer"]
[Black "Fernandez Garcia, Miguel Angel"]
[Result "1-0"]
[WhiteElo "2328"]
[BlackElo "2318"]
[PlyCount "91"]
[EventDate "2011.11.13"]
[EventType "team"]
[EventRounds "14"]
[EventCountry "ESP"]
[Source "lmi"]
[SourceDate "2011.11.13"]
[WhiteTeam "64 Villalba"]
[BlackTeam "Amigos del Retiro"]
[WhiteTeamCountry "ESP"]
[BlackTeamCountry "ESP"]

1. d4 d5 2. c4 c6 3. Nf3 e6 4. e3 Bd6 5. Nc3 f5 6. Qc2 Nf6 7. Bd3 Ne4 8. Bd2
Nd7 9. g4 Ndf6 10. gxf5 exf5 11. cxd5 cxd5 12. Ne5 O-O 13. f3 Nxd2 14. Kxd2 Be6
15. Rag1 Rc8 16. Rg2 Bxe5 17. dxe5 Ne4+ 18. Ke2 Nxc3+ 19. bxc3 Qc7 20. Rhg1 Rf7
21. f4 Qxc3 22. Qxc3 Rxc3 23. Rb1 Ra3 24. Rb2 Rc7 25. Bb1 b6 26. Kd2 Kf7 27.
Bc2 Rc5 28. Rg1 b5 29. Ra1 d4 30. exd4 Rd5 31. Kc1 Rxd4 32. Rxb5 Rh3 33. Rb7+
Kg6 34. Kb2 Kh6 35. Rg1 g6 36. Re7 Bd5 37. Rd7 Rxh2 38. Rc1 a5 39. a3 a4 40. e6
Re2 41. e7 Kh5 42. Kc3 Rc4+ 43. Kd3 Bc6 44. Bd1 Rxc1 45. Bxe2+ Kh4 46. e8=Q 1-0

[Event "Liga Madrileña - DH 2011-2012"]
[Site "Madrid ESP"]
[Date "2011.11.20"]
[Round "2.14"]
[White "Perez Gonzalez, Jose Manuel"]
[Black "Bolado Saez, Sergio"]
[Result "1/2-1/2"]
[WhiteElo "2304"]
[BlackElo "2361"]
[PlyCount "124"]
[EventDate "2011.11.13"]
[EventType "team"]
[EventRounds "14"]
[EventCountry "ESP"]
[Source "lmi"]
[SourceDate "2011.11.13"]
[WhiteTeam "Amigos del Retiro"]
[BlackTeam "64 Villalba"]
[WhiteTeamCountry "ESP"]
[BlackTeamCountry "ESP"]

1. e4 c6 2. d4 d5 3. exd5 cxd5 4. c4 Nf6 5. Nc3 e6 6. Nf3 Be7 7. Bg5 O-O 8. Bd3
dxc4 9. Bxc4 Nc6 10. O-O Nb4 11. Qd2 b6 12. a3 Nbd5 13. Bxd5 exd5 14. Rfe1 Be6
15. Ne5 Rc8 16. Qd3 h6 17. Bh4 Nh5 18. Bxe7 Qxe7 19. Qf3 Nf6 20. Re3 Qb7 21. h3
b5 22. Nd3 Rc4 23. Nc5 Qc6 24. Nxe6 fxe6 25. Qe2 Re8 26. Re1 b4 27. axb4 Rxb4
28. Rxe6 Rxe6 29. Qxe6+ Qxe6 30. Rxe6 Rxd4 31. Ra6 Rd2 32. Na4 Ne4 33. Nc3 Nxf2
34. Nxd5 Nxh3+ 35. gxh3 Rxd5 36. Rxa7 Rd1+ 37. Kg2 Rd2+ 38. Kg3 Rxb2 39. Rc7
Rb3+ 40. Kg4 Rb4+ 41. Kg3 Kh7 42. Rc6 Rb3+ 43. Kg4 Rb1 44. Kf3 Rg1 45. Kf2 Rg5
46. Ra6 h5 47. Rb6 Rg6 48. Rb8 Kh6 49. Rh8+ Kg5 50. Kg3 Ra6 51. h4+ Kg6 52. Rb8
Ra3+ 53. Kf4 Ra4+ 54. Kg3 Ra5 55. Rb3 Kf6 56. Rf3+ Ke6 57. Rb3 g6 58. Re3+ Re5
59. Ra3 Kd5 60. Rb3 Re4 61. Rb5+ Kc6 62. Ra5 Rg4+ 1/2-1/2

[Event "Liga Madrileña - DH 2011-2012"]
[Site "Madrid ESP"]
[Date "2011.11.20"]
[Round "2.15"]
[White "Gongora Montes, Benjamin"]
[Black "Sanchez Gonzalez, Sergio"]
[Result "1-0"]
[WhiteElo "2217"]
[BlackElo "2286"]
[PlyCount "97"]
[EventDate "2011.11.13"]
[EventType "team"]
[EventRounds "14"]
[EventCountry "ESP"]
[Source "lmi"]
[SourceDate "2011.11.13"]
[WhiteTeam "64 Villalba"]
[BlackTeam "Amigos del Retiro"]
[WhiteTeamCountry "ESP"]
[BlackTeamCountry "ESP"]

1. e4 c5 2. Nf3 d6 3. d4 cxd4 4. Nxd4 Nf6 5. Nc3 e6 6. g4 h6 7. Be3 a6 8. Qf3
Nbd7 9. Be2 Qc7 10. h4 Ne5 11. Qg2 Nc4 12. Bxc4 Qxc4 13. g5 hxg5 14. hxg5 Rxh1+
15. Qxh1 Ng4 16. g6 f6 17. O-O-O Nxe3 18. fxe3 Bd7 19. Rd3 Qc5 20. Nce2 Qa5 21.
Rc3 e5 22. Nf5 Qxa2 23. Qh8 Bxf5 24. exf5 Kd7 25. Rb3 Qa1+ 26. Kd2 d5 27. c3
Kc6 28. Qg8 Qa5 29. Nc1 Rd8 30. Qe6+ Bd6 31. Nd3 Qa4 32. Rb4 Qa2 33. c4 b6 34.
cxd5+ Kc7 35. Rh4 b5 36. Rh7 Rd7 37. Rh1 Qa5+ 38. Ke2 Rd8 39. Rc1+ Kb7 40. Rc6
Bf8 41. Qf7+ Kb8 42. Re6 Qc7 43. Qxc7+ Kxc7 44. Rxa6 Rxd5 45. Ra7+ Kd8 46. Ra8+
Ke7 47. Nb4 Rd6 48. e4 Rd4 49. Nc6+ 1-0

[Event "Liga Madrileña - DH 2011-2012"]
[Site "Madrid ESP"]
[Date "2011.11.20"]
[Round "2.16"]
[White "Vallejo Diaz, Jesus"]
[Black "Bermejo Arruego, Luis"]
[Result "1-0"]
[WhiteElo "2258"]
[BlackElo "2171"]
[PlyCount "99"]
[EventDate "2011.11.13"]
[EventType "team"]
[EventRounds "14"]
[EventCountry "ESP"]
[Source "lmi"]
[SourceDate "2011.11.13"]
[WhiteTeam "Amigos del Retiro"]
[BlackTeam "64 Villalba"]
[WhiteTeamCountry "ESP"]
[BlackTeamCountry "ESP"]

1. e4 g6 2. d4 Bg7 3. Nc3 c5 4. d5 d6 5. h3 a6 6. a4 Nf6 7. Nf3 O-O 8. Bd3 e6
9. O-O exd5 10. exd5 b6 11. Bf4 Nh5 12. Bh2 f5 13. Re1 Ra7 14. Nd2 Bd4 15. Nc4
f4 16. Qf3 Ng3 17. Ne4 Nxe4 18. Rxe4 Raf7 19. c3 Bg7 20. Re2 b5 21. axb5 axb5
22. Na3 c4 23. Be4 Nd7 24. Rd2 Qb6 25. Qd1 Nc5 26. Bf3 Nb3 27. Nc2 Nxa1 28.
Qxa1 Be5 29. Nd4 Bxd4 30. Rxd4 g5 31. Qe1 Qd8 32. Be4 Qf6 33. f3 Re7 34. Kf1
Re5 35. Bg1 h5 36. Rd2 g4 37. hxg4 hxg4 38. Bd4 Qh6 39. Bxe5 dxe5 40. d6 gxf3
41. Bxf3 Bf5 42. Qxe5 Qg6 43. d7 Bd3+ 44. Kg1 Qb6+ 45. Rf2 Rd8 46. Bd5+ Kh7 47.
Qe7+ Kh8 48. Qh4+ Kg7 49. Qxf4 Rxd7 50. Qg4+ 1-0

[Event "Liga Madrileña - DH 2011-2012"]
[Site "Madrid ESP"]
[Date "2011.11.20"]
[Round "2.21"]
[White "Hernandez Gallardo, Francisco Javier"]
[Black "Anton Guijarro, David"]
[Result "1/2-1/2"]
[WhiteElo "2369"]
[BlackElo "2469"]
[PlyCount "54"]
[EventDate "2011.11.13"]
[EventType "team"]
[EventRounds "14"]
[EventCountry "ESP"]
[Source "lmi"]
[SourceDate "2011.11.13"]
[WhiteTeam "Moratalaz"]
[BlackTeam "Virgen de Atocha"]
[WhiteTeamCountry "ESP"]
[BlackTeamCountry "ESP"]

1. e4 c5 2. Nf3 d6 3. d4 cxd4 4. Nxd4 Nf6 5. Nc3 g6 6. Bc4 Bg7 7. h3 O-O 8. Bb3
Nbd7 9. O-O Nc5 10. Re1 Bd7 11. Bg5 h6 12. Bh4 Rc8 13. Qd2 Nh5 14. f3 Ne6 15.
Bf2 Qa5 16. Rad1 Nxd4 17. Bxd4 Bxd4+ 18. Qxd4 Qg5 19. h4 Qxh4 20. e5 Qxd4+ 21.
Rxd4 Bc6 22. exd6 exd6 23. Rxd6 Kg7 24. Kf2 Nf6 25. Re7 Rce8 26. Rxe8 Rxe8 27.
Nd5 Bxd5 1/2-1/2

[Event "Liga Madrileña - DH 2011-2012"]
[Site "Madrid ESP"]
[Date "2011.11.20"]
[Round "2.22"]
[White "Almagro Llamas, Pablo"]
[Black "Serrano Salvador, Eduardo"]
[Result "1-0"]
[WhiteElo "2461"]
[BlackElo "2364"]
[PlyCount "75"]
[EventDate "2011.11.13"]
[EventType "team"]
[EventRounds "14"]
[EventCountry "ESP"]
[Source "lmi"]
[SourceDate "2011.11.13"]
[WhiteTeam "Virgen de Atocha"]
[BlackTeam "Moratalaz"]
[WhiteTeamCountry "ESP"]
[BlackTeamCountry "ESP"]

1. c4 b6 2. Nc3 Bb7 3. d4 e6 4. a3 Nf6 5. Nf3 d5 6. Bg5 dxc4 7. e4 Be7 8. Qc2
Nc6 9. Rd1 Na5 10. Ne5 O-O 11. Nxc4 Nxc4 12. Bxc4 c5 13. Bxf6 Bxf6 14. e5 Be7
15. d5 exd5 16. Bxd5 Qc8 17. O-O Rd8 18. f4 Bf8 19. f5 Re8 20. Rfe1 Bxd5 21.
Nxd5 Qc6 22. Qe4 Kh8 23. e6 fxe6 24. fxe6 g6 25. Nf6 Qxe4 26. Rxe4 Re7 27. Nd5
Rd8 28. Ree1 Rb7 29. Kf2 Bg7 30. e7 Re8 31. Nc7 Rxc7 32. Rd8 Bd4+ 33. Kf3 Rc8
34. Rxc8 Rxc8 35. e8=Q+ Rxe8 36. Rxe8+ Kg7 37. b3 Kf7 38. Ra8 1-0

[Event "Liga Madrileña - DH 2011-2012"]
[Site "Madrid ESP"]
[Date "2011.11.20"]
[Round "2.23"]
[White "Sanchez-Alarcos Galian, Victor"]
[Black "Rubio Mejia, Luis Ignacio"]
[Result "0-1"]
[WhiteElo "2242"]
[BlackElo "2439"]
[PlyCount "110"]
[EventDate "2011.11.13"]
[EventType "team"]
[EventRounds "14"]
[EventCountry "ESP"]
[Source "lmi"]
[SourceDate "2011.11.13"]
[WhiteTeam "Moratalaz"]
[BlackTeam "Virgen de Atocha"]
[WhiteTeamCountry "ESP"]
[BlackTeamCountry "ESP"]

1. d4 Nf6 2. Nf3 e6 3. c4 d5 4. g3 Bb4+ 5. Bd2 Bd6 6. Qc2 c6 7. Bg2 Nbd7 8. O-O
O-O 9. Bf4 Bxf4 10. gxf4 b6 11. Nbd2 Bb7 12. f5 exf5 13. Qxf5 c5 14. Rfd1 g6
15. Qf4 Re8 16. e3 Nh5 17. Qg5 Qxg5 18. Nxg5 cxd4 19. cxd5 dxe3 20. fxe3 Ndf6
21. e4 Nf4 22. Rf1 N6h5 23. Bf3 Ba6 24. Rfe1 h6 25. Bxh5 hxg5 26. Bf3 Rac8 27.
Rec1 Nd3 28. Rc3 Rxc3 29. bxc3 Ne5 30. Bg2 Rc8 31. Rc1 g4 32. Bf1 Bxf1 33. Kxf1
Kf8 34. Ke2 Ke7 35. Ke3 Rh8 36. Kd4 Kd6 37. Rf1 Rxh2 38. Rf6+ Ke7 39. Kxe5 Rh5+
40. Kf4 Kxf6 41. Nc4 Rh3 42. e5+ Ke7 43. Ne3 f5 44. exf6+ Kxf6 45. Nxg4+ Ke7
46. c4 Kd6 47. Ke4 Rh4 48. Kf4 Rh1 49. Ke4 Ra1 50. Kd4 Rxa2 51. Nf6 Re2 52. Kd3
Re5 53. Ng4 Rf5 54. Kc3 a5 55. Kb3 Rf4 0-1

[Event "Liga Madrileña - DH 2011-2012"]
[Site "Madrid ESP"]
[Date "2011.11.20"]
[Round "2.24"]
[White "Martinez Martin, David"]
[Black "Solaesa Navalpotro, Luis Julio"]
[Result "1-0"]
[WhiteElo "2395"]
[BlackElo "2270"]
[PlyCount "75"]
[EventDate "2011.11.13"]
[EventType "team"]
[EventRounds "14"]
[EventCountry "ESP"]
[Source "lmi"]
[SourceDate "2011.11.13"]
[WhiteTeam "Virgen de Atocha"]
[BlackTeam "Moratalaz"]
[WhiteTeamCountry "ESP"]
[BlackTeamCountry "ESP"]

1. Nf3 d5 2. d4 Nf6 3. c4 c6 4. e3 Bf5 5. Nc3 e6 6. Nh4 Bg6 7. g3 Nbd7 8. Nxg6
hxg6 9. Bg2 Be7 10. O-O O-O 11. Qe2 Qa5 12. e4 dxe4 13. Nxe4 Nxe4 14. Bxe4 Nf6
15. Bg2 Rfd8 16. Rd1 Qh5 17. Bf3 Qf5 18. Kg2 Nh7 19. h4 Bd6 20. c5 Bc7 21. b4
e5 22. d5 cxd5 23. Bxd5 Rab8 24. g4 Qf6 25. g5 Qf5 26. Be4 Qe6 27. Rxd8+ Rxd8
28. Bb2 b6 29. Rd1 Rxd1 30. Qxd1 Qc4 31. Qd5 Qxb4 32. Bxg6 Qf4 33. Bc1 Qg4+ 34.
Kf1 Qh3+ 35. Ke1 Qc3+ 36. Bd2 Qxc5 37. Qxf7+ Kh8 38. Bxh7 1-0

[Event "Liga Madrileña - DH 2011-2012"]
[Site "Madrid ESP"]
[Date "2011.11.20"]
[Round "2.25"]
[White "Rodriguez Yuste, Marcelo"]
[Black "Rudolf, Anna"]
[Result "0-1"]
[WhiteElo "2234"]
[BlackElo "2352"]
[PlyCount "88"]
[EventDate "2011.11.13"]
[EventType "team"]
[EventRounds "14"]
[EventCountry "ESP"]
[Source "lmi"]
[SourceDate "2011.11.13"]
[WhiteTeam "Moratalaz"]
[BlackTeam "Virgen de Atocha"]
[WhiteTeamCountry "ESP"]
[BlackTeamCountry "ESP"]

1. d4 e6 2. c4 Nf6 3. Nf3 b6 4. g3 Ba6 5. Qa4 Bb7 6. Bg2 c5 7. O-O cxd4 8. Nxd4
Bxg2 9. Kxg2 Be7 10. Nc3 O-O 11. e4 Qc7 12. Bf4 Qb7 13. f3 Nc6 14. Nxc6 dxc6
15. Rad1 Rfd8 16. Rxd8+ Rxd8 17. Rd1 Rd7 18. Rxd7 Nxd7 19. Qd1 h6 20. Bd6 Bf6
21. Qd3 c5 22. b3 Qa6 23. a4 Qa5 24. Ne2 Qe1 25. f4 Bd4 26. Nxd4 cxd4 27. Qxd4
Nf6 28. c5 Qe2+ 29. Qf2 Qxe4+ 30. Qf3 Qc2+ 31. Kg1 bxc5 32. Be5 Ne4 33. Bb8 a6
34. Ba7 Nd2 35. Qe2 Qb1+ 36. Kg2 Ne4 37. a5 f5 38. Qe3 Qa2+ 39. Kh3 Qxa5 40.
Qe2 Qb5 41. Qe1 Qxb3 42. Qe2 Qb5 43. Qa2 Qf1+ 44. Kh4 g5+ 0-1

[Event "Liga Madrileña - DH 2011-2012"]
[Site "Madrid ESP"]
[Date "2011.11.20"]
[Round "2.26"]
[White "Vazquez Torres, Adrian"]
[Black "Ramirez Garcia, Jorge Alberto"]
[Result "0-1"]
[WhiteElo "2145"]
[BlackElo "2177"]
[PlyCount "160"]
[EventDate "2011.11.13"]
[EventType "team"]
[EventRounds "14"]
[EventCountry "ESP"]
[Source "lmi"]
[SourceDate "2011.11.13"]
[WhiteTeam "Virgen de Atocha"]
[BlackTeam "Moratalaz"]
[WhiteTeamCountry "ESP"]
[BlackTeamCountry "ESP"]

1. e4 e6 2. d3 d5 3. Nd2 c5 4. Ngf3 Nc6 5. g3 Bd6 6. Bg2 Nge7 7. c3 O-O 8. O-O
Rb8 9. Re1 f6 10. Nf1 b5 11. a3 a5 12. exd5 exd5 13. d4 c4 14. Ne3 Bc7 15. b4
cxb3 16. Qxb3 a4 17. Qa2 Be6 18. Nc2 Qd7 19. Nb4 Rbc8 20. Qe2 Bf7 21. Qxb5 Bd6
22. Nd3 Ra8 23. Nf4 g5 24. Nxg5 Rfb8 25. Nxh7 Kxh7 26. Qd3+ Kg7 27. Bh3 f5 28.
Ng2 Rh8 29. Nh4 Kf6 30. Kh1 Rag8 31. Rb1 Bc7 32. Rb7 Qc8 33. Qa6 Be6 34. Qe2
Nd8 35. Rxc7 Qxc7 36. Bf4 Qxc3 37. Be5+ Kf7 38. Bxh8 Rxh8 39. Nf3 Rg8 40. Ne5+
Kg7 41. Qd1 Ng6 42. Nxg6 Kxg6 43. Re3 Qc6 44. Qe1 Kf7 45. Re5 Kf6 46. Qe3 Nf7
47. Bf1 Nxe5 48. Qxe5+ Kf7 49. Be2 Qb6 50. h4 Qb8 51. Bh5+ Ke7 52. Qe1 Qb5 53.
Qc1 Qc4 54. Qb2 Rc8 55. Kh2 Qb3 56. Qd2 Rg8 57. Qa5 Qc4 58. Qa7+ Bd7 59. Qb6
Qc6 60. Qb1 Qd6 61. Qe1+ Be6 62. Bf3 Kd7 63. Qa5 Qc6 64. Be2 Ke7 65. Bb5 Qc2
66. Qb4+ Kf6 67. Qe1 Qe4 68. Qd2 f4 69. Bxa4 Qf3 70. Qe1 fxg3+ 71. fxg3 Qf5 72.
Kg1 Kf7 73. Bd1 Ke7 74. Qb4+ Kf6 75. Qe1 Qe4 76. Qf2+ Ke7 77. Kh2 Rf8 78. Qd2
Qf5 79. Qb4+ Kf7 80. Qd2 Qh3+ 0-1

[Event "Liga Madrileña - DH 2011-2012"]
[Site "Madrid ESP"]
[Date "2011.11.20"]
[Round "2.31"]
[White "Candela Perez, Jose"]
[Black "Alcazar Jimenez, Victor Manuel"]
[Result "1/2-1/2"]
[WhiteElo "2424"]
[BlackElo "2379"]
[PlyCount "108"]
[EventDate "2011.11.13"]
[EventType "team"]
[EventRounds "14"]
[EventCountry "ESP"]
[Source "lmi"]
[SourceDate "2011.11.13"]
[WhiteTeam "La Casa del Ajedrez"]
[BlackTeam "Blanco y Negro"]
[WhiteTeamCountry "ESP"]
[BlackTeamCountry "ESP"]

1. d4 e6 2. e4 c5 3. d5 Nf6 4. Nc3 d6 5. Nf3 exd5 6. exd5 Be7 7. Be2 O-O 8. O-O
Bf5 9. Nd2 Ne8 10. Nc4 Bg6 11. Bf4 Qd7 12. Bg4 f5 13. Bf3 b5 14. Na5 Bf6 15.
Qe2 b4 16. Nd1 Bf7 17. Qd2 Qd8 18. Nc6 Nxc6 19. dxc6 g5 20. c7 Nxc7 21. Bxa8
Nxa8 22. Qxd6 gxf4 23. Qxf4 Kh8 24. a3 Nb6 25. axb4 Nd5 26. Qxf5 Bg6 27. Qg4
Nxb4 28. Rxa7 Nxc2 29. Nc3 Bd4 30. Qe2 c4 31. Rb7 Qc8 32. Re7 Qc5 33. Re4 Nb4
34. Rxd4 Qxd4 35. Qe7 Rb8 36. Nb5 Nc6 37. Qa3 Qb6 38. Qc3+ Kg8 39. Qxc4+ Kf8
40. Nc3 Ne5 41. Qf4+ Nf7 42. h4 Rd8 43. Qc1 Qb4 44. g3 Rd3 45. Re1 Qd4 46. Re3
Rd2 47. Re2 Rd3 48. Re3 Ne5 49. Rxd3 Nxd3 50. Qd2 Kf7 51. Qe2 Ne5 52. Kg2 Kf8
53. Kg1 Be8 54. Qe4 Qxe4 1/2-1/2

[Event "Liga Madrileña - DH 2011-2012"]
[Site "Madrid ESP"]
[Date "2011.11.20"]
[Round "2.32"]
[White "Alarcia Astiz, Carlos"]
[Black "Gallego Jimenez, Victoriano"]
[Result "0-1"]
[WhiteElo "2313"]
[BlackElo "2390"]
[PlyCount "86"]
[EventDate "2011.11.13"]
[EventType "team"]
[EventRounds "14"]
[EventCountry "ESP"]
[Source "lmi"]
[SourceDate "2011.11.13"]
[WhiteTeam "Blanco y Negro"]
[BlackTeam "La Casa del Ajedrez"]
[WhiteTeamCountry "ESP"]
[BlackTeamCountry "ESP"]

1. e4 c5 2. Nf3 Nc6 3. d4 cxd4 4. Nxd4 Qb6 5. Nb3 Nf6 6. Nc3 e6 7. Bd3 a6 8. h3
d6 9. Be3 Qc7 10. Na4 Nd7 11. c4 Nce5 12. Rc1 Nxd3+ 13. Qxd3 Qc6 14. Nc3 Ne5
15. Qe2 Qxc4 16. O-O Qxe2 17. Nxe2 Bd7 18. Rfd1 Nc6 19. Bb6 Rc8 20. Na5 Nxa5
21. Rxc8+ Bxc8 22. Bxa5 Bd7 23. Bb4 Bc6 24. Nc3 Kd7 25. Bxd6 Bxd6 26. e5 Bd5
27. exd6 Kxd6 28. Nxd5 exd5 29. Rd3 Rc8 30. Rb3 Rc1+ 31. Kh2 Kc6 32. Kg3 d4 33.
Kf3 Re1 34. Rd3 Kd5 35. Rb3 b5 36. Rd3 Kc4 37. Rd2 d3 38. h4 b4 39. h5 a5 40.
g4 a4 41. g5 a3 42. h6 gxh6 43. gxh6 Kd4 0-1

[Event "Liga Madrileña - DH 2011-2012"]
[Site "Madrid ESP"]
[Date "2011.11.20"]
[Round "2.33"]
[White "Rojo Huerta, Gabriel"]
[Black "Alcazar Jimenez, Jesus Alberto"]
[Result "1-0"]
[WhiteElo "2355"]
[BlackElo "2252"]
[PlyCount "57"]
[EventDate "2011.11.13"]
[EventType "team"]
[EventRounds "14"]
[EventCountry "ESP"]
[Source "lmi"]
[SourceDate "2011.11.13"]
[WhiteTeam "La Casa del Ajedrez"]
[BlackTeam "Blanco y Negro"]
[WhiteTeamCountry "ESP"]
[BlackTeamCountry "ESP"]

1. d4 d6 2. Nf3 Nf6 3. c4 Nbd7 4. Nc3 e5 5. e4 g6 6. Be2 Bg7 7. O-O O-O 8. Be3
c6 9. d5 c5 10. Ne1 Ne8 11. g4 f5 12. gxf5 gxf5 13. exf5 Nb6 14. Kh1 Bxf5 15.
Rg1 Kh8 16. Nf3 h6 17. Nd2 Rc8 18. Bg4 Qh4 19. Qe2 h5 20. Bxf5 Rxf5 21. Nce4
Nf6 22. Nxd6 Rf4 23. Bxf4 Qxf4 24. Nxc8 Nxc8 25. Rae1 Nd6 26. Qxe5 Qxd2 27.
Qxd6 Ng4 28. Ref1 Be5 29. Qf8+ 1-0